| 000 | 00921nam a22001817a 4500 | ||
|---|---|---|---|
| 999 |
_c63351 _d63351 |
||
| 003 | Ge_BSU | ||
| 005 | 20250924142754.0 | ||
| 008 | 250924s2013 ge ||||| |||| 00| 0 geo d | ||
| 020 | _a9789941054693 | ||
| 041 | _ageo | ||
| 080 | _a341.64(4) ს-86 | ||
| 245 |
_aსტრასბურგის სასამართლოს გადაწყვეტილებები ადამიანის უფლებათა ევროპული კონვენციის მე-3 მუხლზე : _bწიგნი 3. |
||
| 264 |
_a[ად.ა.] : _bევროპის საბჭო, _c2013. |
||
| 300 |
_a304 გვ. _b23 სმ. |
||
| 653 | _aსტრასბურგის სასამართლოს გადაწყვეტილებები | ||
| 653 | _a ადამიანის უფლებათა კონვენცია | ||
| 942 |
_2udc _cᲬᲘᲒᲜᲘ |
||